Mráz a hry : cyklus "Algor", kniha první /

První díl ze sci-fi cyklu českých space oper Algor zavede čtenáře na území nejchladnější z lidmi obývaných planet.

Hlavní autor: Hlávka, Jan, 1979-
Další autoři: Vybíralová, Jana, 1981-
Jazyk: Čeština
Vydáno: Praha : Brokilon, 2021
Vydání: Vydání druhé
Edice: Evropská space opera
Témata:
Fyzický popis: 501 stran ; 18 cm
Knihy
Uloženo v:
LEADER 02192nam a2200445 i 4500
001 nkc20213375695
003 CZ PrNK
005 20221006144628.0
007 ta
008 211119s2021 xr g 000 f cze
015 |a cnb003375695 
020 |a 978-80-7456-518-2  |q (brožováno) :  |c Kč 368,00 
035 |a (OCoLC)1350559979 
040 |a ABG001  |b cze  |e rda 
072 7 |a 821.162.3-3  |x Česká próza  |2 Konspekt  |9 25 
080 |a 821.162.3-31  |2 MRF 
080 |a (0:82-311.9)  |2 MRF 
100 1 |a Hlávka, Jan,  |d 1979-  |7 xx0042448  |4 aut 
245 1 0 |a Mráz a hry :  |b cyklus "Algor", kniha první /  |c Jan Hlávka, Jana Vybíralová 
250 |a Vydání druhé 
264 1 |a Praha :  |b Brokilon,  |c 2021 
300 |a 501 stran ;  |c 18 cm 
336 |a text  |b txt  |2 rdacontent 
337 |a bez média  |b n  |2 rdamedia 
338 |a svazek  |b nc  |2 rdacarrier 
490 1 |a Evropská space opera 
520 2 |a První díl ze sci-fi cyklu českých space oper Algor zavede čtenáře na území nejchladnější z lidmi obývaných planet.  |b Odvážný počin nadané dvojice českých autorů rozehrává v úvodním dílu ambiciózní sci-fi řady příběh vesmírných impérií, jejich změn, vzájemných vztahů i nevraživosti. Hlavní roli má v prvním románu nejchladnější z lidmi obývaných planet Algor. Jejím vládcem je císař Andrej Korwarian hrající vládní hru podle svých vlastních pravidel. Do politické hry nechává zasáhnout i všude jinde zakázanou intrikánskou graciánskou církev a připravuje tak půdu ke globálním změnám, které však ani z velké dálky nevypadají na změny k lepšímu. 
655 7 |a české romány  |7 fd133974  |2 czenas 
655 7 |a vědecko-fantastické romány  |7 fd133847  |2 czenas 
655 9 |a Czech fiction  |2 eczenas 
655 9 |a science fiction novels  |2 eczenas 
700 1 |a Vybíralová, Jana,  |d 1981-  |7 xx0120027  |4 aut 
787 0 8 |i Z cyklu:  |t Algor  |g 1 
830 0 |a Evropská space opera  |0 s 
910 2 |a BOA001  |b 1-1492.836 
920 |a 4621933  |z ABG001 
990 |a BK 
995 |a 01 
991 |b 202210  |c NOV 
996 6 |b 2610915873  |c 1-1492.836  |l MZK  |r Sklad / do 1 hodiny  |n 0  |p p.v.  |w 001900799  |u 000010  |a 1  |e BOA001  |j MZK50  |s P